International Journal of Engineering in Computer Science (Record no. 44063)

MARC details
000 -LEADER
fixed length control field 00378nam a2200145Ia 4500
022 ## - INTERNATIONAL STANDARD SERIAL NUMBER
ISSN 2663-3562
050 ## - CALL MARK
Classification number QA75 .5 .I58/
245 #0 - TITLE STATEMENT
Title International Journal of Engineering in Computer Science
250 ## - EDITION / VOLUME STATEMENT
Edition / Volume statement Vol. 7, No. 1
260 ## - PUBLICATION, DISTRIBUTION, ETC. (IMPRINT)
Year of publication 2025
Place of publication Nigeria
300 ## - PHYSICAL DESCRIPTION
Number of Pages 66 p. :ill. ; 30 cm.
650 ## - SUBJECT ADDED ENTRY--TOPICAL TERM
Topical Term Computer science-eriodicals
942 ## - ADDED ENTRY ELEMENTS (KOHA)
Koha item type Serials
Source of classification Library of Congress Classification

No items available.